00408 2200157 4500001002100000008004100021035002000062245004400082100001800126260002800144300002200172020002200194084001400216082000800230990001200238INLIS000000000002856 IND  a0010-0925000203 aSurga Kecil Di Atas AwancKirana Kejora aKirana Kejora aJakartabEuthaniac2015 a184c(13 x 19 cm) a978-602-1010-45-7 a813 KIR s a813 a0755078